[Event "Lipetsk Region-ch Seniors"]
[Site "Lipetsk"]
[Date "2010.03.21"]
[Round "9"]
[White "Vikhirev, Boris"]
[Black "Osipov, Alexander1111"]
[Result "0-1"]
[WhiteElo "1889"]
[BlackElo "1932"]
[PlyCount "68"]
[EventDate "2010.03.05"]
[EventType "swiss"]
[EventRounds "9"]
[EventCountry "RUS"]
[SourceTitle "EXT 2023"]
[Source "ChessBase"]
[SourceDate "2022.10.05"]
[SourceVersion "1"]
[SourceVersionDate "2022.10.05"]
[SourceQuality "1"]

1. d4 d5 2. c4 e6 3. Nc3 Nf6 4. Bg5 Nbd7 5. cxd5 exd5 6. e3 c6 7. Nf3 Be7 8. Bd3 h6 9. Bh4 0-0 10. 0-0 Re8 11. Rc1 Ne4 12. Bxe7 Qxe7 13. Qe2 f5 14. Nd2 Ndf6 15. Rfe1 Nxd2 16. Qxd2 Ne4 17. Qc2 Qg5 18. Re2 Nf6 19. Rce1 Bd7 20. f3 Nh5 21. b4 Re7 22. a4 Rae8 23. Qd2 Nf6 24. Nd1 Qh5 25. Nf2 Qh4 26. g3 Qh5 27. Kg2 g5 28. Qc2 g4 29. fxg4 fxg4 30. Bg6 Qg5 31. Bd3 Rxe3 32. Rxe3 Rxe3 33. Rxe3 Qxe3 34. Bf5 Qf3+ 0-1

[Event "Lipetsk Region-ch Seniors"]
[Site "Lipetsk"]
[Date "2010.03.19"]
[Round "7"]
[White "Vikhirev, Boris"]
[Black "Kurkin, Filipp"]
[Result "0-1"]
[WhiteElo "1889"]
[BlackElo "2015"]
[PlyCount "70"]
[EventDate "2010.03.05"]
[EventType "swiss"]
[EventRounds "9"]
[EventCountry "RUS"]
[SourceTitle "EXT 2023"]
[Source "ChessBase"]
[SourceDate "2022.10.05"]
[SourceVersion "1"]
[SourceVersionDate "2022.10.05"]
[SourceQuality "1"]

1. d4 Nf6 2. c4 e5 3. dxe5 Ng4 4. Nf3 Nc6 5. Bf4 Bb4+ 6. Nbd2 Qe7 7. a3 Ngxe5 8. Nxe5 Nxe5 9. Bxe5 Bxd2+ 10. Qxd2 Qxe5 11. e3 b6 12. Be2 Bb7 13. f4 Qe7 14. 0-0 0-0 15. Rae1 Rad8 16. Bd3 d5 17. cxd5 Bxd5 18. Qc2 h6 19. b4 c5 20. bxc5 Rc8 21. e4 Ba8 22. a4 Rxc5 23. Qe2 Rfc8 24. e5 Re8 25. Rf2 Qc7 26. Qg4 Rc1 27. Ref1 Rxf1+ 28. Rxf1 Bd5 29. Qe2 Re7 30. Bb5 Bb7 31. h3 Qc5+ 32. Kh2 Bc6 33. Rd1 Bxb5 34. axb5 Qc7 35. Rd6 Qxd6 0-1

[Event "Lipetsk Region-ch Seniors"]
[Site "Lipetsk"]
[Date "2010.03.05"]
[Round "1"]
[White "Vikhirev, Boris"]
[Black "Kudrin, Nikolai"]
[Result "1-0"]
[WhiteElo "1889"]
[BlackElo "1490"]
[PlyCount "33"]
[EventDate "2010.03.05"]
[EventType "swiss"]
[EventRounds "9"]
[EventCountry "RUS"]
[SourceTitle "EXT 2023"]
[Source "ChessBase"]
[SourceDate "2022.10.05"]
[SourceVersion "1"]
[SourceVersionDate "2022.10.05"]
[SourceQuality "1"]

1. d4 c6 2. c4 d5 3. Nc3 Bf5 4. cxd5 cxd5 5. Bf4 a6 6. e3 e6 7. Nf3 Bb4 8. Ne5 Qa5 9. Qb3 Nf6 10. f3 Nc6 11. g4 Bg6 12. h4 h6 13. Nxg6 fxg6 14. Bd3 Ne7 15. Kf2 Rc8 16. Rac1 Kf7 17. Rhd1 1-0

[Event "Lipetsk Region-ch sf"]
[Site "Lipetsk"]
[Date "2009.10.09"]
[Round "7"]
[White "Vikhirev, Boris"]
[Black "Ryahovskii, Sergey"]
[Result "1/2-1/2"]
[WhiteElo "1867"]
[BlackElo "1959"]
[PlyCount "132"]
[EventDate "2009.09.25"]
[EventType "swiss"]
[EventRounds "8"]
[EventCountry "RUS"]
[SourceTitle "EXT 2022"]
[Source "ChessBase"]
[SourceDate "2021.10.06"]
[SourceVersion "1"]
[SourceVersionDate "2021.10.06"]
[SourceQuality "1"]

1. d4 Nf6 2. c4 g6 3. Nc3 Bg7 4. e4 0-0 5. f3 d6 6. Be3 Nc6 7. Qd2 a6 8. Bd3 e5 9. d5 Nd4 10. Nge2 Nd7 11. Rd1 f5 12. 0-0 f4 13. Bf2 g5 14. Bb1 Nxe2+ 15. Qxe2 Nf6 16. b4 Qe8 17. c5 g4 18. Bh4 Qh5 19. Bxf6 Rxf6 20. Qf2 g3 21. hxg3 Rh6 22. Qe1 Qh2+ 23. Kf2 Bh3 24. Ke2 Bxg2 25. Rg1 fxg3 26. Kd3 Rf8 27. Rd2 Rxf3+ 28. Kc2 Rf2 29. Rxf2 gxf2 30. Qxf2 Rg6 31. Kb3 Qg3 32. Qf5 Qg4 33. c6 b6 34. Qd7 Qxd7 35. cxd7 Bf6 36. Bd3 Bh3 37. Rxg6+ hxg6 38. Bxa6 Bxd7 39. a4 Bh4 40. Bb5 Bc8 41. a5 bxa5 42. bxa5 Bf2 43. Be2 g5 44. Nb5 g4 45. Nxc7 g3 46. Bf3 Kf7 47. Bg2 Ke7 48. Ka4 Bd7+ 49. Nb5 Bc8 50. Nc7 Bd7+ 51. Nb5 Bc5 52. Bf1 Bg4 53. a6 Bf3 54. a7 Bxa7 55. Nxa7 Bxe4 56. Nc6+ Kf6 57. Nb4 g2 58. Bxg2 Bxg2 59. Kb5 e4 60. Kc6 e3 61. Nc2 e2 62. Ne1 Bh3 63. Kxd6 Bf5 64. Kc7 Ke7 65. d6+ Ke8 66. Nf3 Bh3 1/2-1/2

[Event "Lipetsk Region-ch Seniors"]
[Site "Lipetsk"]
[Date "2009.03.08"]
[Round "1"]
[White "Vikhirev, Boris"]
[Black "Zhukov, Viktor I"]
[Result "0-1"]
[WhiteElo "1880"]
[BlackElo "2041"]
[PlyCount "80"]
[EventDate "2009.03.08"]
[EventType "swiss"]
[EventRounds "9"]
[EventCountry "RUS"]
[SourceTitle "EXT 2022"]
[Source "ChessBase"]
[SourceDate "2021.10.06"]
[SourceVersion "1"]
[SourceVersionDate "2021.10.06"]
[SourceQuality "1"]

1. d4 Nf6 2. c4 e6 3. Nc3 Bb4 4. Qb3 c5 5. Bg5 Nc6 6. dxc5 Bxc5 7. e3 0-0 8. Nf3 Be7 9. Be2 d5 10. Rd1 dxc4 11. Qxc4 Qa5 12. 0-0 a6 13. a3 h6 14. Bh4 Nd7 15. Bxe7 Nxe7 16. b4 Qb6 17. Rd2 Qc6 18. Qb3 b5 19. Rfd1 Qc7 20. h3 Nb6 21. Ne4 Bb7 22. Nc5 Bd5 23. Qc3 Bxf3 24. Bxf3 Ned5 25. Qb3 Qe7 26. e4 Nf6 27. Rd6 Rfb8 28. Qd3 Nc4 29. Qb3 Nxd6 30. e5 Nd5 31. exd6 Qxd6 32. Bxd5 exd5 33. Rxd5 Qe7 34. Rd7 Qe1+ 35. Kh2 Qxf2 36. Qd5 Re8 37. Nd3 Qf6 38. Rd6 Rad8 39. Rxd8 Rxd8 40. Qe4 Qd6+ 0-1

[Event "Lipetsk Region-ch Seniors"]
[Site "Lipetsk"]
[Date "2008.04.01"]
[Round "8"]
[White "Vikhirev, Boris"]
[Black "Osipov, Alexander1111"]
[Result "1-0"]
[WhiteElo "1863"]
[BlackElo "2029"]
[PlyCount "61"]
[EventDate "2008.03.29"]
[EventType "swiss"]
[EventRounds "9"]
[EventCountry "RUS"]
[SourceTitle "EXT 2022"]
[Source "ChessBase"]
[SourceDate "2021.10.06"]
[SourceVersion "1"]
[SourceVersionDate "2021.10.06"]
[SourceQuality "1"]

1. d4 d5 2. c4 e6 3. Nc3 Nf6 4. Bg5 Nbd7 5. e3 c6 6. c5 b6 7. b4 a5 8. a3 Be7 9. Bd3 h6 10. Bh4 e5 11. Nge2 e4 12. Bc2 Ba6 13. 0-0 bxc5 14. bxc5 g5 15. Bg3 Nh5 16. Na4 f5 17. Rb1 f4 18. Nxf4 Nxf4 19. exf4 gxf4 20. Qg4 Bg5 21. h4 fxg3 22. f3 Nf6 23. Qe6+ Kf8 24. hxg5 hxg5 25. fxe4 dxe4 26. Qe5 Qe7 27. Qxg3 Rh7 28. Rb8+ Rxb8 29. Qxb8+ Qe8 30. Qxe8+ Kxe8 31. Rxf6 1-0

[Event "Lipetsk Region-ch Seniors"]
[Site "Lipetsk"]
[Date "2008.04.01"]
[Round "7"]
[White "Zaria, Vladimir"]
[Black "Vikhirev, Boris"]
[Result "0-1"]
[WhiteElo "1909"]
[BlackElo "1863"]
[PlyCount "118"]
[EventDate "2008.03.29"]
[EventType "swiss"]
[EventRounds "9"]
[EventCountry "RUS"]
[SourceTitle "EXT 2022"]
[Source "ChessBase"]
[SourceDate "2021.10.06"]
[SourceVersion "1"]
[SourceVersionDate "2021.10.06"]
[SourceQuality "1"]

1. e4 g6 2. d4 Bg7 3. Be3 d6 4. Bd3 Nf6 5. f3 0-0 6. Qd2 Re8 7. c3 b6 8. Na3 c5 9. Ne2 Ba6 10. c4 Nc6 11. Rd1 Nb4 12. b3 Nd7 13. Bb1 Nc6 14. Nc2 cxd4 15. Ncxd4 Nxd4 16. Nxd4 Ne5 17. Qc1 Bb7 18. 0-0 Rc8 19. Nb5 a6 20. Na3 b5 21. Qd2 bxc4 22. bxc4 Nxc4 23. Nxc4 Rxc4 24. Rc1 Rxc1 25. Rxc1 Qd7 26. Bd3 Rc8 27. Bc4 Qa4 28. Bb3 Rxc1+ 29. Qxc1 Qc6 30. Qd1 Qc3 31. Kf2 Qb2+ 32. Qd2 Qxd2+ 33. Bxd2 Bd4+ 34. Be3 Bb2 35. Bd2 e6 36. Ke3 d5 37. Kd3 Kg7 38. exd5 Bxd5 39. Bxd5 exd5 40. a4 Kf6 41. Be3 Ke6 42. g4 h5 43. h3 f6 44. f4 hxg4 45. hxg4 Kd6 46. Ba7 f5 47. gxf5 gxf5 48. Be3 Ba3 49. Bd4 Bc5 50. Bc3 Bf2 51. Bd4 Bxd4 52. Kxd4 Kc6 53. Ke5 Kc5 54. Kxf5 d4 55. Ke4 Kc4 56. f5 d3 57. Ke3 Kc3 58. f6 d2 59. f7 d1Q 0-1

[Event "Lipetsk Region-ch Seniors"]
[Site "Lipetsk"]
[Date "2008.03.31"]
[Round "5"]
[White "Sokolov, Yury"]
[Black "Vikhirev, Boris"]
[Result "1-0"]
[WhiteElo "1959"]
[BlackElo "1863"]
[PlyCount "58"]
[EventDate "2008.03.29"]
[EventType "swiss"]
[EventRounds "9"]
[EventCountry "RUS"]
[SourceTitle "EXT 2022"]
[Source "ChessBase"]
[SourceDate "2021.10.06"]
[SourceVersion "1"]
[SourceVersionDate "2021.10.06"]
[SourceQuality "1"]

1. e4 d6 2. d4 g6 3. f4 Bg7 4. Bc4 Nf6 5. Nc3 0-0 6. e5 dxe5 7. fxe5 Bg4 8. Nge2 Ne8 9. 0-0 c5 10. Be3 cxd4 11. Bxd4 e6 12. Bc5 Qc7 13. Bxf8 Kxf8 14. Qd4 Bxe2 15. Bxe2 Bxe5 16. Qh4 Kg7 17. Kh1 Nc6 18. Rad1 Nd6 19. Rf3 Nf5 20. Qh3 Qb6 21. b3 Ncd4 22. Rfd3 Rc8 23. Bg4 Nxc2 24. Bxf5 exf5 25. Nd5 Qa5 26. a4 b5 27. Qf3 bxa4 28. Qe2 Bb2 29. bxa4 Qxa4 1-0

[Event "Lipetsk-ch"]
[Site "Lipetsk"]
[Date "2008.03.27"]
[Round "8"]
[White "Vikhirev, Boris"]
[Black "Malykh, Yuriy A"]
[Result "0-1"]
[WhiteElo "1863"]
[BlackElo "2136"]
[PlyCount "106"]
[EventDate "2008.03.20"]
[EventType "swiss"]
[EventRounds "9"]
[EventCountry "RUS"]
[SourceTitle "EXT 2022"]
[Source "ChessBase"]
[SourceDate "2021.10.06"]
[SourceVersion "1"]
[SourceVersionDate "2021.10.06"]
[SourceQuality "1"]

1. d4 d5 2. c4 c6 3. Nc3 Nf6 4. cxd5 cxd5 5. Bg5 Ne4 6. Nxe4 dxe4 7. Qd2 h6 8. Bh4 Qb6 9. e3 Nc6 10. Ne2 Bf5 11. Nc3 g5 12. Bg3 Rd8 13. Bb5 a6 14. Bxc6+ Qxc6 15. 0-0 Bg7 16. Qc2 Bh7 17. Rac1 Rc8 18. Qa4 Kd7 19. Qxc6+ Rxc6 20. Ne2 Rhc8 21. Rxc6 Rxc6 22. Rc1 f5 23. Rxc6 Kxc6 24. Kf1 Bg8 25. a3 Kd5 26. Ke1 Kc4 27. Nc1 Bd5 28. Kd2 e6 29. b3+ Kb5 30. Kc3 a5 31. a4+ Kb6 32. Bd6 Kc6 33. Bb8 Bf8 34. Na2 h5 35. g3 Be7 36. Be5 b5 37. axb5+ Kxb5 38. Kb2 Bb7 39. Nc3+ Kc6 40. Na4 Ba6 41. Bb8 h4 42. Be5 h3 43. Bb8 Kd7 44. Be5 Ke8 45. Bc7 Kf7 46. Bxa5 Kg6 47. Nc3 Kh5 48. b4 Kg4 49. b5 Bc8 50. Bc7 Kf3 51. Nd1 g4 52. d5 exd5 53. Be5 Bb4 0-1

[Event "Lipetsk-ch"]
[Site "Lipetsk"]
[Date "2008.03.25"]
[Round "6"]
[White "Vikhirev, Boris"]
[Black "Omelchak, Ivan"]
[Result "1-0"]
[WhiteElo "1863"]
[BlackElo "1929"]
[PlyCount "79"]
[EventDate "2008.03.20"]
[EventType "swiss"]
[EventRounds "9"]
[EventCountry "RUS"]
[SourceTitle "EXT 2022"]
[Source "ChessBase"]
[SourceDate "2021.10.06"]
[SourceVersion "1"]
[SourceVersionDate "2021.10.06"]
[SourceQuality "1"]

1. d4 d5 2. c4 e6 3. Nc3 Nf6 4. cxd5 exd5 5. Bg5 Nbd7 6. Nf3 c6 7. e3 Qa5 8. Bxf6 Nxf6 9. a3 Ne4 10. Qc1 Bd6 11. Be2 0-0 12. b4 Qc7 13. 0-0 Bg4 14. h3 Bd7 15. Qc2 f5 16. Rac1 Rac8 17. Qb3 Qb8 18. b5 Kh8 19. a4 f4 20. Nd1 fxe3 21. Nxe3 Bf4 22. Rc2 Qd6 23. Ng4 Bxg4 24. hxg4 Qh6 25. Bd1 Ng5 26. g3 Ne4 27. gxf4 Qh3 28. Nd2 Qxb3 29. Nxb3 Rxf4 30. Kg2 Nd6 31. Kg3 Rcf8 32. bxc6 bxc6 33. f3 Nc4 34. Rc3 g5 35. Rh1 Kg7 36. Nc5 Re8 37. Bc2 h6 38. Bf5 Rxf5 39. gxf5 Kf6 40. Rxh6+ 1-0

[Event "Lipetsk City-ch"]
[Site "Lipetsk"]
[Date "2007.08.19"]
[Round "6"]
[White "Vikhirev, Boris"]
[Black "Dulin, Anatoliy"]
[Result "1/2-1/2"]
[WhiteElo "1875"]
[BlackElo "2015"]
[PlyCount "52"]
[EventDate "2007.08.14"]
[EventType "swiss"]
[EventRounds "9"]
[EventCountry "RUS"]
[SourceTitle "EXT 2009"]
[Source "ChessBase"]
[SourceDate "2008.11.26"]
[SourceVersion "1"]
[SourceVersionDate "2008.11.26"]
[SourceQuality "1"]

1. d4 d5 2. c4 e6 3. Nc3 Nf6 4. Bg5 Be7 5. e3 0-0 6. Nf3 h6 7. Bh4 b6 8. cxd5 Nxd5 9. Bxe7 Qxe7 10. Nxd5 exd5 11. Be2 Bb7 12. 0-0 Nd7 13. Rc1 c5 14. b3 Rac8 15. Bb5 Rc7 16. Qe2 Rfc8 17. Ba6 Qd6 18. Rfd1 Bxa6 19. Qxa6 cxd4 20. Qxc8+ Rxc8 21. Rxc8+ Kh7 22. Nxd4 Nf6 23. h3 Ne4 24. Rc2 Nc5 25. Nb5 Qg6 26. Re2 Ne4 1/2-1/2

[Event "Lipetsk City-ch"]
[Site "Lipetsk"]
[Date "2007.08.16"]
[Round "3"]
[White "Kosyh, Sergey"]
[Black "Vikhirev, Boris"]
[Result "0-1"]
[WhiteElo "1916"]
[BlackElo "1875"]
[PlyCount "116"]
[EventDate "2007.08.14"]
[EventType "swiss"]
[EventRounds "9"]
[EventCountry "RUS"]
[SourceTitle "EXT 2009"]
[Source "ChessBase"]
[SourceDate "2008.11.26"]
[SourceVersion "1"]
[SourceVersionDate "2008.11.26"]
[SourceQuality "1"]

1. e4 g6 2. d4 Bg7 3. c4 d6 4. Nc3 Nf6 5. h3 c5 6. d5 0-0 7. Bd3 e6 8. Bg5 h6 9. Bd2 exd5 10. exd5 Re8+ 11. Nge2 Na6 12. a3 Nc7 13. 0-0 a6 14. Nf4 Bd7 15. Qf3 b5 16. b4 cxb4 17. axb4 bxc4 18. Bxc4 Bb5 19. Qd3 Bxc4 20. Qxc4 Rc8 21. Qd3 g5 22. Nfe2 Nfxd5 23. Rab1 Nxc3 24. Nxc3 d5 25. Na4 Nb5 26. Nc5 Qd6 27. f4 Qg6 28. f5 Qf6 29. Kh1 Qd4 30. Qxd4 Bxd4 31. Rbc1 Re2 32. Nb3 Rxc1 33. Bxc1 Bc3 34. Rd1 d4 35. Bd2 Bxd2 36. Rxd2 Rxd2 37. Nxd2 Nd6 38. g4 Kg7 39. Kg2 Kf6 40. Nf3 d3 41. Kf2 Nc4 42. Nd4 Ke5 43. Nc6+ Kf4 44. Ne7 Nd2 45. Ke1 Ne4 46. Nd5+ Kf3 47. Kd1 d2 48. Nb6 Ke3 49. Nc4+ Kd3 50. Ne5+ Kc3 51. Nxf7 Nf2+ 52. Ke2 d1Q+ 53. Kxf2 Qd4+ 54. Kg3 Qf6 55. Nh8 Qxh8 56. h4 Qe5+ 57. Kh3 Kxb4 58. h5 a5 0-1

[Event "Lipetsk-ch Seniors"]
[Site "Lipetsk"]
[Date "2007.02.02"]
[Round "7"]
[White "Vikhirev, Boris"]
[Black "Shishkin, Lev"]
[Result "0-1"]
[WhiteElo "1846"]
[BlackElo "2099"]
[PlyCount "120"]
[EventDate "2007.01.27"]
[EventType "swiss"]
[EventRounds "9"]
[EventCountry "RUS"]
[SourceTitle "EXT 2019"]
[Source "ChessBase"]
[SourceDate "2018.10.10"]
[SourceVersion "1"]
[SourceVersionDate "2018.10.10"]
[SourceQuality "1"]

1. d4 Nf6 2. c4 e6 3. Nc3 Bb4 4. Bg5 h6 5. Bxf6 Qxf6 6. e3 c5 7. Nf3 Nc6 8. Be2 0-0 9. 0-0 Bxc3 10. bxc3 d6 11. Rb1 b6 12. Nd2 Qe7 13. Bf3 Bb7 14. Qe2 Qc7 15. Rfc1 Rac8 16. g3 Ba6 17. Be4 f5 18. Bd3 e5 19. d5 e4 20. dxc6 exd3 21. Qxd3 Qxc6 22. Qd5+ Rf7 23. Qxc6 Rxc6 24. a4 Bc8 25. Ra1 Be6 26. a5 bxa5 27. Rxa5 Rb7 28. Rb5 Rbb6 29. Rcb1 Kf7 30. f3 Ke7 31. Kf2 Kd7 32. e4 Kc7 33. Ke3 a6 34. Rxb6 Rxb6 35. Ra1 Kb7 36. Ra2 Ka7 37. Kd3 Rb7 38. Ke3 Rf7 39. Ra1 g5 40. Rg1 Rf8 41. h4 a5 42. hxg5 hxg5 43. Rh1 Re8 44. Kd3 Kb6 45. Rb1+ Kc7 46. Ra1 Ra8 47. Nb1 g4 48. fxg4 fxe4+ 49. Kxe4 Bxc4 50. Kf5 Rf8+ 51. Kg6 Rf1 52. Rxa5 Rxb1 53. Ra4 Bd3+ 54. Kf6 Rg1 55. Ra7+ Kb6 56. Rd7 Kc6 57. Rd8 Rxg3 58. g5 Rf3+ 59. Ke7 Re3+ 60. Kf6 Rg3 0-1